Nečekaná dědička /

Hlavní autor: Helm, Beate
Další autoři: Mervilová, Klára
Jazyk: Čeština
Vydáno: Praha : I. Železný, 1995
Vydání: Vyd. 1.
Edice: Knihovnička Večerů pod lampou
Na výsluní
Témata:
Fyzický popis: 60 s. ; 18 cm
Knihy
Uloženo v:
LEADER 01199nam a2200349 a 4500
001 000031263
003 CZ BrMZK
005 20230301093739.0
007 ta
008 950313s1995 xr g j cze d
015 |a cnb000106487 
020 |a 80-237-2278-6 
040 |a BOA001  |b cze 
041 1 |a cze  |h ger 
072 7 |a 821-31/-34  |x Milostná, dobrodružná, fantastická próza  |2 Konspekt  |9 25 
080 |a 821-322.5  |2 MRF 
080 |a (0:82-322.5)  |2 MRF 
100 1 |a Helm, Beate  |7 jo2003197047  |4 aut 
245 1 0 |a Nečekaná dědička /  |c Beate Helmová ; z německého originálu přeložila Klára Melvilová 
250 |a Vyd. 1. 
260 |a Praha :  |b I. Železný,  |c 1995 
300 |a 60 s. ;  |c 18 cm 
490 1 |a Knihovnička Večerů pod lampou ;  |v 1734 
490 1 |a Na výsluní ;  |v 165 (36/95) 
655 7 |a milostné povídky  |7 fd132834  |2 czenas 
700 1 |a Mervilová, Klára  |7 ola2002111024  |4 trl 
765 0 |t Ein fremdes Mädchen erbt ein Schloss 
830 0 |a Knihovnička Večerů pod lampou 
830 0 |a Na výsluní 
910 |a BOA001  |b 1-1011.588 
990 |a BK 
996 6 |b 2610024512  |c 1-1011.588  |l MZK  |r Sklad / do 1 hodiny  |n 0  |p p.v.  |w 000031263  |u 000010  |a 1  |e BOA001  |j MZK50  |s P